=LDR 00000nam 2200000 4500 =001 INLIS000000000027407 =005 20130612125803 =008 ***********************************Ind** =035 ##$$0010-061300000027407 =041 ##$$a Ind =082 ##$$a 372.7021 =090 ##$$a 372.7021, Taj k =100 ##$$a Tajudin =245 ##$$a Kumpulan rumus matematika SD, Tajudin,Mulyono =260 ##$$a 2006 $b Jakarta =300 ##$$a vi,114 hlm, ilus, 19 cm =650 ##$$a Pendidikan Dasar-Matematika-Rumus =700 ##$$a Tanudi, Mulyono =850 ##$$a NBPNMAT